Couronnes d'amour au Sacré-Coeur : trois mois de méditations sur la vie d'amour envers le Sacré-Coeur de Jésus en union avec ses mystères : deuxième couronne : La Passion : mars /

Na minha lista:
Detalhes bibliográficos
Autor principal: Dehon, Léon (autor)
Formato: Livro
Idioma:francês
Assuntos:
Tags: Adicionar Tag
Sem tags, seja o primeiro a adicionar uma tag!

MARC

LEADER 00000nam^a2200000^a^4500
001 000380977
005 20250526000000.0
009 20260310120629.825
037 |a Acervo Xavier Clavigero 
041 |a FRA 
082 |a 263. 9  |b DEH V. 2 
100 |a Dehon, Léon  |e (autor) 
240 1 1 |a [Couronnes d'amour au Sacré-Coeur] 
245 1 0 |a Couronnes d'amour au Sacré-Coeur :  |b trois mois de méditations sur la vie d'amour envers le Sacré-Coeur de Jésus en union avec ses mystères : deuxième couronne : La Passion : mars /  |c L. Dehon. 
264 |a Tournai, Bélgica :  |b Casterman,  |c ca. 1905 
300 |a XII, 185 p. ;  |c 14.5 cm. 
336 |a texto  |b txt  |2 rdacontenido 
337 |a sin mediación  |b n  |2 rdamedio 
338 |a volumen  |b nc  |2 rdasoporte 
561 |a Ex libris de Residencia Soc. Jesu. Guadalajara, Mex. 
561 |a Ex libris de Biblioteca Residencia S.J. Guadalajara 
649 |a XX 
650 |a Sagrado Corazón de Jesús -  |x Culto -  |x Tema Principal 
650 |a Iglesia Católica -  |x Liturgia y Ritual 
650 |a Oración (Religión) 
650 |a Meditación 
650 |a Culto Religioso 
650 |a Ritos Religiosos 
650 |a Año Litúrgico -  |x Tema Principal 
650 |a Catolicismo 
650 |a Cristianismo 
650 |a Religión 
910 |a Fondo General 
920 |a Impresos - Libros 
930 |a Libros Antiguos y Raros 
905 |a 108 
901 |a 0500276131  |b IT2  |c LRA  |u 20250526 
902 |a https://opac.biblio.iteso.mx/vufind/Record/000380977